=LDR 00000nam 2200000 4500 =001 INLIS000000000010950 =005 20130612102546 =008 ***********************************Ind** =035 ##$$0010-061300000010950 =041 ##$$a Ind =082 ##$$a 677.71 =090 ##$$a 677.71, Sir-t =100 ##$$a Siregar, Chok Makmur =245 ##$$a Tali temali(Deck Seaman ship), Chok Makmur Siregar =260 ##$$a 1985 $b Bandung =300 ##$$a 58 hlm., ilus., 21 cm =650 ##$$a Tali =850 ##$$a NBPNMAT